000 00783nam a2200253Ia 4500
003 OSt
005 20221005093215.0
006 a|||||r|||| 00| 0
007 ta
008 221004b |||||||| |||| 00| 0 eng d
020 _a978 1 78168 103 9 (pbk)
_c1526.13
024 _a14048
037 _b13115111, 11/03/2014, Atlantic Publisher & Dist. Pvt Ltd.
_cTextual
040 _aCRL
_cCRL
_beng
041 _2eng
_aeng
082 _aWv, Q3
100 _aMouffe Chantal
245 0 _aAgonistics
_b Thinking world politically
260 _aNew York
_bVerson USA
_c2013
300 _a149p.
_ccm.
650 _aPOLITICAL SCIENCE
942 _hWv, Q3
_cTEXL
_2cc
999 _c1000006
_d1000006